Most Guessed Best Actor Oscar Winners - Statistics

General Stats
  • This quiz has been taken 66 times
  • The average score is 12 of 20
Answer Stats
% year actor % Correct
95 2016 Leonardo DiCaprio
85%
95 1995 Tom Hanks
80%
79 1981 Robert de Niro
78%
79 1993 Al Pacino
75%
82 2006 Dustin and Philip Seymour Hoffman
73%
82 1973 Marlon Brando
71%
88 1998 Jack Nicholson
69%
85 2013 Daniel Day-Lewis
68%
87 2001 Russell Crowe
64%
82 1992 Anthony Hopkins
61%
77 2002 Denzel Washington
56%
78 2017 Casey Affleck
54%
78 2000 Kevin Spacey
54%
66 2015 Eddie Redmayne
46%
79 2011 Colin Firth
44%
80 2009 Sean Penn
44%
78 2014 Matthew McConaughey
42%
73 2005 Jamie Foxx
39%
70 1983 Ben Kingsley
32%
72 1988 Michael Douglas
20%
No matching quizzes found
Score Distribution
Percent of People with Each Score
Percentile by Number Answered
Your Score History
You have not taken this quiz